Work and Education/ (Record no. 199805)

MARC details
000 -LEADER
fixed length control field 00676nam a22002057a 4500
005 - DATE AND TIME OF LATEST TRANSACTION
control field 20231226124026.0
010 ## - LCCN (DPL NO)
LC control number ENG-138759
020 ## - INTERNATIONAL STANDARD BOOK NUMBER
International Standard Book Number 9789390897872
Terms of availability 300.00
035 ## - SYSTEM CONTROL NUMBER
System control number EN-122291
037 ## - SOURCE OF ACQUISITION
Source of stock number/acquisition DBAD/PUB
082 ## - DEWEY DECIMAL CLASSIFICATION NUMBER
Classification number 305.42
Edition number 1
100 ## - MAIN ENTRY--PERSONAL NAME
Personal name Chary, P. Venkata
245 ## - TITLE STATEMENT
Title Work and Education/
Statement of responsibility, etc By P. Venkata Chary and Edited By Elisha Kolluri
250 ## - EDITION STATEMENT
Edition statement 1
260 ## - PUBLICATION, DISTRIBUTION, ETC. (IMPRINT)
Place of publication, distribution, etc New Delhi
Name of publisher, distributor, etc Neelkamal Publications
Date of publication, distribution, etc 2023
270 ## - ADDRESS
Address 4764/1, 23, Ansari Road, Daryaganj,
City Delhi
Postal code 110002
Telephone number 011-23224237
-- 9811828953
300 ## - PHYSICAL DESCRIPTION
Extent xii+232p.
Other physical details Index
Dimensions 24cm(pbk)
700 ## - ADDED ENTRY--PERSONAL NAME
Personal name Kolluri, Elisha
Relator term Editer
9 (RLIN) 60223
942 ## - ADDED ENTRY ELEMENTS (KOHA)
Source of classification or shelving scheme Dewey Decimal Classification
Item type English Books
Classification part 305.42
Call number suffix CHA
Edition 1
Holdings
Withdrawn status Lost status Not for loan Collection code Home library Current library Date acquired Source of acquisition Cost, normal purchase price Full call number Barcode Copy number Cost, replacement price Koha item type
      Non-fiction Ashok Vihar Ashok Vihar 26/12/2023 DBAD 300.00 305.42 CHA EN-122291 1 300.00 English Books

© Delhi Public Library
Hit Counter
free hit counter